Countries of the World but only ones that aren’t BWR colors - Statistics

General Stats
  • This quiz has been taken 18 times
  • The average score is 128 of 165
Answers on the Map
Answers color-coded by a green-red scale on the quiz's map according to % correct below.
 
Answer Stats
Country % Correct
Brazil
92%
Canada
92%
Germany
92%
Mexico
92%
Ukraine
92%
Afghanistan
83%
Albania
83%
Algeria
83%
Argentina
83%
Armenia
83%
Austria
83%
Bangladesh
83%
Belgium
83%
Bolivia
83%
Botswana
83%
Chad
83%
China
83%
Cyprus
83%
Denmark
83%
Egypt
83%
Estonia
83%
Finland
83%
Georgia
83%
Greece
83%
Guatemala
83%
Hungary
83%
India
83%
Indonesia
83%
Iran
83%
Iraq
83%
Ireland
83%
Italy
83%
Jamaica
83%
Japan
83%
Kazakhstan
83%
Latvia
83%
Libya
83%
Lithuania
83%
Madagascar
83%
Malaysia
83%
Malta
83%
Mauritius
83%
Mongolia
83%
Morocco
83%
Nicaragua
83%
Niger
83%
Nigeria
83%
Oman
83%
Pakistan
83%
Papua New Guinea
83%
Peru
83%
Poland
83%
Portugal
83%
Romania
83%
Saudi Arabia
83%
Somalia
83%
South Africa
83%
Spain
83%
Sri Lanka
83%
Sweden
83%
Switzerland
83%
Syria
83%
Tajikistan
83%
Turkey
83%
Turkmenistan
83%
Uruguay
83%
Uzbekistan
83%
Vatican City
83%
Vietnam
83%
Yemen
83%
Zambia
83%
Zimbabwe
83%
Andorra
75%
Angola
75%
Antigua and Barbuda
75%
Bahamas
75%
Belarus
75%
Belize
75%
Bhutan
75%
Bosnia and Herzegovina
75%
Bulgaria
75%
Burkina Faso
75%
Burundi
75%
Cameroon
75%
Cape Verde
75%
Colombia
75%
Comoros
75%
Democratic Republic of the Congo
75%
Djibouti
75%
Dominica
75%
Ecuador
75%
El Salvador
75%
Equatorial Guinea
75%
Eritrea
75%
Eswatini
75%
Ethiopia
75%
Federated States of Micronesia
75%
Gabon
75%
Gambia
75%
Guinea
75%
Guyana
75%
Honduras
75%
Israel
75%
Ivory Coast
75%
Jordan
75%
Kiribati
75%
Kosovo
75%
Kuwait
75%
Kyrgyzstan
75%
Lebanon
75%
Lesotho
75%
Maldives
75%
Marshall Islands
75%
Mauritania
75%
Monaco
75%
Mozambique
75%
Namibia
75%
Nauru
75%
North Macedonia
75%
Qatar
75%
Republic of the Congo
75%
Rwanda
75%
Saint Kitts and Nevis
75%
Saint Lucia
75%
Saint Vincent and the Grenadines
75%
Seychelles
75%
Sierra Leone
75%
Singapore
75%
Solomon Islands
75%
South Sudan
75%
Sudan
75%
Suriname
75%
Tanzania
75%
Togo
75%
Tunisia
75%
Tuvalu
75%
Uganda
75%
United Arab Emirates
75%
Vanuatu
75%
Venezuela
75%
Azerbaijan
67%
Bahrain
67%
Barbados
67%
Benin
67%
Brunei
67%
Central African Republic
67%
Fiji
67%
Ghana
67%
Guinea-Bissau
67%
Kenya
67%
Malawi
67%
Mali
67%
Moldova
67%
Montenegro
67%
Palau
67%
Philippines
67%
San Marino
67%
São Tomé and Príncipe
67%
Senegal
67%
Tonga
67%
Trinidad and Tobago
67%
East Timor
58%
Grenada
58%
Myanmar
58%
Taiwan
58%
No matching quizzes found
Score Distribution
Percent of People with Each Score
Percentile by Number Answered
Your Score History
You have not taken this quiz